1990 1880 1113 1767 1568 1280 1530 1747 1724 1487 1273 1273 1495 1182 1268 1418 1953 1279 1255 1631 1625 1265 1158 1591 1108 1261 1992 1581 1760 1837 1080 1286 1553 1098 1611 1632 1641 1390 1909 1681 1059 1398 1477 1538 1743 1265 1630 1856 1116 1992 1684 1964 1521 1123 1335 1446 1747 1446 1823 1461 1359 1388 1278 1172 1198 1122 1788 1207 1440 1739 1135 1169 1029 1106 1600 1418 1294 1948 1050 1967 1284 1130 1175 1381 1668 1389 1305 1686 1174 1186 1359 1733 1411 1224 1801 1710 1280 1156 1178 BCNSPRNW ULIB Ver.6.0+V

เปลี่ยนเป็นภาษาไทย

Change to English
 แสดงรายละเอียดบรรณานุกรม
  กลับหน้าหลัก

Brief Record : Get Marc (ISO 2709) : E-mail record : QR code < ปิดหน้าต่าง
LEADER : 00000nam 2200000uu 4500
001    13399108637
003     ULIB
008    110310s2544||||th 000 0 tha d
060 04 QZ1.JT3^bก499ผ 2544
100 0  สถาบันมะเร็งแห่งชาติ
245 10 ผลงานประจำปี 2544 /^cสถาบันมะเร็งแห่งชาติ กรมการแพทย์กระทรวงสาธารณสุข
260    กรุงเทพฯ :^bโรงพิมพ์ชุมนุมสหกรณ์การเกษตรแห่งประเทศไทย,^c2544
300    201หน้า :^bภาพประกอบ ;^c30 ซม.
650  7 มะเร็ง^xสถิติและข้อมูลตัวเลข
650  7 เนื้องอก^xสถิติและข้อมูลตัวเลข
730 02 ผลงานประจำปี (สถาบันมะเร็งแห่งชาติ) 2544
945    ^p0^l0^i015646
995    ทศพร
999 ^a ใช้งานได้ทุกระบบ
รายการนี้ยังไม่มีแท็ก
คุณยังไม่ได้ล็อกอิน คุณสามารถมีกิจกรรมร่วมกับเว็บไซต์ได้ แต่ต้องล็อกอินก่อน ::
  ล็อกอิน

รายการสื่อสารสนเทศ

ลำดับที่ ประเภท เลขเรียก/บาร์โค้ด สถานที่ สถานะ
- ไม่พบข้อมูล -

รายการใกล้เคียง
    ผู้แต่ง [สถาบันมะเร็งแห่งชาติ]

BibComment


ยังไม่เคยถูกคอมเมนท์

คอมเมนท์ทรัพยากรรายการนี้
  คอมเมนท์: ผลงานประจำปี 2544..


 Copyright 2026. Bcnsprnw @Library